000 00635nam a22002297a 4500
005 20220725160839.0
008 220725b ||||| |||| 00| 0 eng d
040 _cAL
041 _aEnglish
082 _223
_a658
_bTHOC
100 _aS Evelyn Thomas
_953173
245 _aCommerce: Its Theory and Practice
250 _a5.
260 _aNew York
_bGregg Publishing Company Ltd
_c1951
300 _aviii,882 p.
_bHB
_c22x14.5 cm.
650 _aCommerce
_953174
650 _aGreat Britain
_953175
650 _aBusiness
_953176
650 _aInternational trade
_953177
700 _aTHOMAS (Evelyn S)
_953178
942 _2ddc
_cGF
999 _c224166
_d224166